Cedar forests, cedar ships : allure, lore, and metaphor in the Mediterranean Near East /
It is commonly recognized that the Cedars of Lebanon were prized in the ancient world, but how can the complex archaeological role of the Cedrus genus be articulated in terms that go beyond its interactions with humans alone?
المؤلف الرئيسي:
التنسيق: كتاب الكتروني
اللغة: English
منشور في:
Oxford :
Archaeopress,
[2016]
الموضوعات:
الوصول للمادة أونلاين: Login to view Source
الوسوم: إضافة وسم
رقم الطلب: SD397.C434
| LEADER | 01589nam a2200361 i 4500 | ||
|---|---|---|---|
| 001 | EDZ0001585195 | ||
| 003 | StDuBDS | ||
| 005 | 20230412181747.0 | ||
| 006 | m|||||o||d|||||||| | ||
| 007 | cr ||||||||||| | ||
| 008 | 160706s2016 enka fo 000|0|eng|d | ||
| 020 | |a 9781784913663 (ebook) : |c No price | ||
| 040 | |a StDuBDS |b eng |c StDuBDS |e rda |e pn | ||
| 050 | 4 | |a SD397.C434 | |
| 082 | 0 | 4 | |a 585.2 |2 23 |
| 100 | 1 | |a Rich, Sara A., |e author. | |
| 245 | 1 | 0 | |a Cedar forests, cedar ships : |b allure, lore, and metaphor in the Mediterranean Near East / |c Sara A. Rich. |
| 264 | 1 | |a Oxford : |b Archaeopress, |c [2016] | |
| 300 | |a 1 online resource : |b illustrations (black and white, and colour) | ||
| 336 | |a text |2 rdacontent | ||
| 336 | |a still image |2 rdacontent | ||
| 337 | |a computer |2 rdamedia | ||
| 338 | |a online resource |2 rdacarrier | ||
| 500 | |a Previously issued in print: 2016. | ||
| 520 | 8 | |a It is commonly recognized that the Cedars of Lebanon were prized in the ancient world, but how can the complex archaeological role of the Cedrus genus be articulated in terms that go beyond its interactions with humans alone? | |
| 521 | |a Specialized. | ||
| 588 | |a Description based on online resource; title from home page (viewed on November 14, 2016). | ||
| 650 | 0 | |a Cedar of Lebanon. | |
| 776 | 0 | 8 | |i Print version : |z 9781784913656 |
| 856 | 4 | 0 | |3 Archaeopress |u http://library.arce.org:8087/Archaeopress/Products/9781784913656 |
| 942 | |2 lcc |c EBOOK | ||
| 952 | |0 0 |1 0 |4 0 |6 SD0397 C434 |7 1 |9 46164 |a ARCH |b ARCH |d 2023-04-12 |l 0 |o SD397.C434 |r 2023-04-12 00:00:00 |w 2023-04-12 |y EBOOK | ||
| 999 | |c 51822 |d 51822 | ||
